Official and Regional Languages of the Philippines - Statistics

General Stats
  • This quiz has been taken 180 times
  • The average score is 9 of 20
Answer Stats
Picture Hint Answer % Correct
372.9 million English
97%
28 million Filipino
96%
28 million Tagalog
96%
22 million Cebuano
81%
8.1 million Ilocano
64%
7.8 million Hiligaynon
52%
3.6 million Waray
51%
~3.5 million Bikol
44%
700 thousand Chavacano
42%
2.8 million Kapampangan
40%
1.8 million Pangasinan
38%
1.2 million Tausug
35%
1.4 million Maranao
33%
1.5 million Maguindanao
32%
33 thousand Ivatan
26%
560 thousand Aklanon
25%
70 thousand Sambal
23%
600 thousand Karay-a
21%
400 thousand Ibanag
18%
110 thousand Yakan
17%
No matching quizzes found
Score Distribution
Percent of People with Each Score
Percentile by Number Answered
Your Score History
You have not taken this quiz